Švejk : komiks : na motivy románu Osudy dobrého vojáka Švejka za světové války Jaroslava Haška /

Hlavní autor: Vyoral, Petr, 1978-
Další autoři: Čáp, Martin, 1960-2019, Jaroš, Martin, 1963-, Hašek, Jaroslav, 1883-1923.
Jazyk: Čeština
Vydáno: V Praze : XYZ, 2011
Témata:
Externí odkaz: Digitalizovaný dokument
Fyzický popis: 164 s. : vše barev. il. ; 24 cm
Knihy
Uloženo v:
LEADER 01926cam a2200481 a 4500
001 nkc20112184225
003 CZ PrNK
005 20110623093039.0
007 ta
008 110328s2011 xr a g 000 1 cze d
015 |a cnb002184225 
020 |a 978-80-7388-476-5  |q (brož.) 
035 |a (OCoLC)730409462 
040 |a TAG001  |b cze  |d KLG001  |d BOA001  |d ABA001 
072 7 |a 821.162.3-3  |x Česká próza  |2 Konspekt  |9 25 
080 |a 821.162.3-31  |2 MRF 
080 |a 94(100)"1914/1918"  |2 MRF 
080 |a (0:82-311.5)  |2 MRF 
080 |a (0.046.6)  |2 MRF 
080 |a (084.1)  |2 MRF 
100 1 |a Vyoral, Petr,  |d 1978-  |7 xx0072543  |4 ill 
245 1 0 |a Švejk :  |b komiks : na motivy románu Osudy dobrého vojáka Švejka za světové války Jaroslava Haška /  |c ilustrace Petr Vyoral ; [text Martin Čáp a Martin Jaroš] 
260 |a V Praze :  |b XYZ,  |c 2011 
300 |a 164 s. :  |b vše barev. il. ;  |c 24 cm 
650 0 7 |a první světová válka (1914-1918)  |7 ph126327  |2 czenas 
650 0 9 |a World War, 1914-1918  |2 eczenas 
655 7 |a české romány  |7 fd133974  |2 czenas 
655 7 |a humoristické romány  |7 fd132431  |2 czenas 
655 7 |a literární adaptace  |7 fd119387  |2 czenas 
655 7 |a komiksy  |7 fd131978  |2 czenas 
655 9 |a Czech fiction  |2 eczenas 
655 9 |a humorous novels  |2 eczenas 
655 9 |a literary adaptations  |2 eczenas 
655 9 |a comics  |2 eczenas 
700 1 |a Čáp, Martin,  |d 1960-2019  |7 xx0108809  |4 aut 
700 1 |a Jaroš, Martin,  |d 1963-  |7 xx0108810  |4 aut 
700 1 2 |a Hašek, Jaroslav,  |d 1883-1923.  |t Osudy dobrého vojáka Švejka za světové války  |7 aun2006372921 
856 4 1 |u http://www.digitalniknihovna.cz/mzk/uuid/uuid:b794ba10-04eb-11e3-beb8-005056827e51  |y Digitalizovaný dokument  |x NDK 
910 2 |a BOA001  |b 2-1263.737 
990 |a BK 
995 |a 01 
991 |b 201105  |e b 
996 6 |b 2610466102  |c 2-1263.737  |l MZK  |r Sklad / do 1 hodiny  |n 2  |p p.v.  |w 001180267  |u 000010  |a 1  |e BOA001  |j MZK50  |s P